Statistics for Oklahoma City Thunder 2017-18 Most Games Leading Team in Scoring

Click here to take the quiz!

General Stats

  • This quiz has been taken 100 times
  • The average score is 4 of 6

Answer Stats

PlayerGames% Correct
Russell Westbrook47
100%
Paul George27
93%
Steven Adams3
91%
Carmelo Anthony8
74%
Terrance Ferguson1
29%
Corey Brewer1
19%

Score Distribution

Percentile by Number Answered

Percent of People with Each Score

Your Score History

You have not taken this quiz